|
|
|
|
| LEADER |
00000nas a2200000 a 4500 |
| 001 |
ssj0015158 |
| 003 |
WaSeSS |
| 005 |
20200512172242.0 |
| 006 |
m d |
| 007 |
cr n |
| 008 |
050615c20019999vaumr pss 0 a0eng c |
| 010 |
|
|
|a 2008202190
|
| 022 |
|
|
|a 1943-782X
|l 1535-7740
|y 1535-7740
|
| 030 |
|
|
|a TDABCX
|
| 035 |
|
|
|a (WaSeSS)ssj0015158
|
| 037 |
|
|
|b ASTD, Customer Care Center, 1640 King St., Box 1443, Alexandria, VA 22313-2043
|
| 040 |
|
|
|a OCLCS
|b eng
|c OCLCS
|d TXU
|d DLC
|d OCLCQ
|d OCLCF
|d OCLCO
|d VT2
|d OCLCQ
|d WaSeSS
|
| 042 |
|
|
|a pcc
|a nsdp
|
| 050 |
1 |
4 |
|a HF5549.5.T7
|
| 082 |
1 |
0 |
|a 331
|2 14
|
| 130 |
0 |
|
|a T+D (Online)
|
| 222 |
|
0 |
|a T+D
|b (Alexandria, Va. Online)
|
| 245 |
1 |
0 |
|a T+D
|h [electronic resource] :
|b better performance through workplace learning /
|c ASTD.
|
| 246 |
3 |
|
|a T + D
|
| 246 |
3 |
|
|a T & D
|
| 246 |
3 |
|
|a T plus D
|
| 246 |
3 |
|
|a T and D
|
| 246 |
1 |
8 |
|a Training & development
|
| 246 |
1 |
7 |
|a TD
|
| 260 |
|
|
|a Alexandria, VA :
|b American Society for Training and Development
|
| 310 |
|
|
|a Monthly
|
| 362 |
1 |
|
|a Print began with v. 55, no. 5 (May 2001).
|
| 506 |
|
|
|a License restrictions may limit access.
|
| 538 |
|
|
|a Mode of access: World Wide Web.
|
| 580 |
|
|
|a Has supplements: ASTD state of the industry report; Performance in practice; and: ASTD international comparisons report.
|
| 588 |
|
|
|a Description based on print version record.
|
| 588 |
|
|
|a Latest issue consulted: Sept. 2008 (publisher's Web site, viewed Sept. 29, 2008).
|
| 650 |
|
0 |
|a Employees
|x Training of
|v Periodicals.
|
| 650 |
|
6 |
|a Personnel
|x Formation
|v Périodiques.
|
| 650 |
|
7 |
|a Employees
|x Training of.
|2 fast
|0 (OCoLC)fst00909221
|
| 655 |
|
0 |
|a Electronic journals.
|
| 710 |
2 |
|
|a American Society for Training and Development.
|
| 770 |
1 |
|
|t ASTD state of the industry report
|
| 770 |
1 |
|
|t Performance in practice
|
| 770 |
1 |
|
|t ASTD international comparisons report
|
| 776 |
1 |
|
|t T+D
|x 1535-7740
|w (DLC) 2001233105
|w (OCoLC)46911917
|
| 780 |
0 |
0 |
|t Training & development (Alexandria, Va. : Online)
|
| 856 |
4 |
0 |
|z Full text available from Research Library: 05/01/2001 to 07/31/2014
|u https://search.proquest.com/publication/27021
|